Úroky z pohľadu dane z príjmov právnických osôb
Limit pre uznanie úrokov z omeškania daňového nákladu. Úroky z omeškania. Úroky z úveru. Úroky z odkladu platenia cla. Úroky z odkladu platenia dane.
Salvato in:
| Autore principale: | |
|---|---|
| Natura: | Capitolo di libro |
| Lingua: | slovacco |
| Soggetti: | |
| Tags: |
Nessun Tag, puoi essere il primo ad aggiungerne!!
|
MARC
| LEADER | 00000naa a2200000 4500 | ||
|---|---|---|---|
| 001 | r018623 | ||
| 005 | 20221213100209.4 | ||
| 041 | 0 | |a slo | |
| 044 | |a SK | ||
| 245 | 1 | 0 | |a Úroky z pohľadu dane z príjmov právnických osôb |c D. Luknárová |
| 520 | |a Limit pre uznanie úrokov z omeškania daňového nákladu. Úroky z omeškania. Úroky z úveru. Úroky z odkladu platenia cla. Úroky z odkladu platenia dane. | ||
| 610 | 2 | 0 | |a úrok |
| 610 | 2 | 0 | |a úver |
| 610 | 2 | 0 | |a úrok z omeškania |
| 610 | 2 | 0 | |a dane z príjmov |
| 610 | 2 | 0 | |a osoby právnické |
| 610 | 2 | 0 | |a clá |
| 100 | 1 | |a Luknárová, D. | |